[Event "Match 81__120'/40"]
[Site "Zürich"]
[Date "2025.??.??"]
[Round "33"]
[White "Scorpio 68000 sel. 4"]
[Black "Fidelity Excel Mach III"]
[Result "1-0"]
[Annotator "Utzinger,K"]
[WhiteElo "2043"]
[BlackElo "2020"]
[PlyCount "92"]
[EventDate "2025.??.??"]

{[%evp 0,92,25,16,16,25,17,16,31,29,29,31,38,30,52,51,46,42,18,25,31,8,50,26,42,-13,13,-7,12,-24,-34,-20,-18,-89,-24,-29,-22,-49,-56,-58,-58,-54,-54,-70,-57,-272,-99,-100,-81,-279,-201,-220,32,55,47,43,43,69,49,61,61,61,81,194,206,0,0,30,160,0,0,0,1598,592,674,674,902,1501,1279,812,812,825,825,905,948,1033,968,972,888,1309,1383,29990,29991,29992,29993]} 1. e4 e5 {Match 120'/40 | Bediener: Rolf Bühler | Kommentator: Kurt Utzinger | 33. Partie: Weiss (Scorpio) gewinnt | Zwischenstand: 18½-14½ (56%) für Mach III | Stand hypothetisch: 18-15 (54,5%) für Mach III | Eröffnung: Spanisch, Abtausch Variante | Buchzüge: 5 von Scorpio, 5 von Mach III | Partieverlauf: Schwarz (Mach III) übernimmt nach der Eröffnung die Initiative. Eine für unsere Schätze zu schwierige Phase beginnt, so dass die beiden Kontrahenten die feinen Züge nicht finden können. Schliesslich neigt sich die Partie klar zugunsten von Schwarz und es wird auch taktisch anspruchsvoll. Viermal gelingt es dem Mach III, eine gewonnene Stellung im Königsangriff zu erreichen, scheitert aber immer wieder, die Entscheidung zu erzwingen. Dann verlagert sich der Kampf auf den Damenflügel und nach einem Fehler geht es plötzlich dem schwarzen König an den Kragen. Aber auch der Scorpio 68000 sel. 4 verpatzt 2 Gewinnstellungen, bis es dann beim dritten Mal doch noch klappt.} 2. Nf3 Nc6 3. Bb5 a6 4. Bxc6 dxc6 5. O-O {***ENDE BUCH***} Bg4 {***ENDE BUCH*** Stockfish 17.1 Bewertung: = (0.04) (50%) Depth: 44/55} 6. h3 h5 7. d3 (7. hxg4 $2 hxg4 $17 {ist als klar vorteilhaft für Schwarz bekannt.}) 7... Qf6 8. Nbd2 {Die solide Hauptvariante.} Ne7 9. b3 $6 {Besser geschah 9.Te1 oder 9.Sc4, denn nun kommt Schwarz ans Ruder.} (9. Re1 Ng6 10. d4 Nf4 $11 {1-0 (56) Shankland,S (2710)-Robson,R (2702) Saint Louis 2023}) (9. Nc4 Bxf3 10. Qxf3 Qxf3 11. gxf3 Ng6 $11 {1-0 (50) Guseinov,G (2664)-Robson,R (2667) Chess.com INT 2019}) 9... Ng6 10. Bb2 Be6 {Das wirft den Vorteil weg. Hier hinterlassen 10...Lc5 oder 10...Ld6 einen besseren Eindruck. Das Schlagen hxg4 ist noch nicht opportun.} (10... Bc5 11. hxg4 $2 hxg4 $19 {und gewinnt}) (10... Bd6 11. hxg4 $2 hxg4 $17 {besser für Schwarz}) 11. Nc4 Bd6 12. Ne3 $2 $17 {Auch nicht das Gelbe vom Ei. Sinnvoller sind:} (12. Qd2 $11 {mit der Idee, durch Dg5 die Damen zu tauschen.}) (12. Bc1 $11 {um den auf f4 auftauchenden Springer abzutauschen.}) 12... Nf4 {-/+ (-0.89) (30%)/49 Schwarz hat die Initiative und übt unangenehmen Druck am Königsflügel aus.} {[#]} 13. Re1 $2 $19 {[%mdl 32768] Verpasst die beste Verteidigung 13.h4 und gerät in gefährliche Schieflage, bzw. in eine ***VERLUSTSTELLUNG***.} Qg6 $2 {Der Mach III geht das erste Mal in dieser Partie an seinem Glück vorbei.} (13... O-O-O {Rems M-091224 Random Op. MPV=4: -+ (-2.10) (1%) depth 50/86}) 14. Kh1 $2 {Weiss findet nicht die ausgleichende, aber komplizierte Fortsetzung mit 14.Sxe5! und gerät wieder in Nachteil.} (14. Nxe5 $1 Nxh3+ 15. Kf1 Qf6 16. Qf3 Bxe5 17. Qxf6 gxf6 18. d4 Bf4 19. d5 Bd7 20. gxh3 Bxh3+ 21. Ke2 Rh6 22. dxc6 O-O-O $11) 14... f6 $17 {Schwarz steht besser. Man befindet sich hier in einer Spielphase, wo feine Züge gefragt sind, die den schwarzen Vorteil festhalten oder den Nachteil von Weiss nicht vergrössern. Die heutigen Schachengines sind prädestiniert für eine souveräne Behandlungen solcher Stellungen. Da kommen Vorschläge und Varianten aufs Brett, deren Sinn sich oftmals erst 10 Züge oder später zeigt. Es ist deshalb nicht angebracht, unsere alten Schätze für kleine und grössere Ungenauigkeiten zu tadeln, die durchschnittliche Schachspieler nur anhand der Stellungsbewertungen erkennen können.} 15. Qd2 h4 16. Rad1 O-O-O 17. Qa5 Be7 18. a4 {In der Zwischenzeit ist der schwarze Vorteil gefährlich angewachsen. Und die Engine entkorkt auf Suchtiefe 50 eine auch für Menschen schwer zugängliche Variante, die einem Gewinn sehr nahekommt.} Kb8 $2 $15 {Natürlich findet der Mach III nicht den besten Zug.} ({PROMENADE-bmi2:} 18... Qh5 {-+ (-1.91) (2%) Depth 50/78} 19. Nh2 Bxb3 20. Rb1 Ba2 21. Ra1 Be6 22. Qc3 Qe8 23. a5 c5 24. Bc1 Qb5 25. Bd2 Rd4 26. Nf3 Rb4 27. Qa3 Kb8 28. Nf5 Bf8 29. Ne3 Qd7 30. Nh2 Be7 31. Bc3 Rd8 32. Nf3 Rb5 33. Qa4 Qe8 34. Rad1 Qh5 35. Nh2 Bf8 36. Nhg4 Qf7 37. Qa1 Qd7 38. Qa4 Bd6 39. Qa1 Be7 40. Nh2 {[%eval -191,50] [%wdl 0,32,968]}) {[#]} 19. Nd2 $2 $19 {[%mdl 32768] Das ***VERLIERT*** bzw. sollte für Weiss verlieren. Welcher Oldie ist wohl in der Lage, das zu erkennen? Ich habe versuchsweise einen ganz Grossen auf die Stellung losgelassen: Der Tasc R40, The King 2.50, Stil normal, plädiert nach 10 Min. für 19...Td4, 20.Sdc4 Td7, 21.Tb1 Tdd8, 22.Ta1 The8, 23. Tad1 bei Suchtiefe 03/08 mit einer Bewertung von +0.58 für Schwarz. Das Programm hat also keine Ahnung, was man von den vergleichenden Bewertungen mit Rems M-091224 Random Op. MPV=4 unten sieht. Übrigens ist auch der Mephisto Genius 68030 v.5.00 London upgrade, 66 MHz nach 15 Min bei Suchtiefe 07/19, Ast 01/54, mit 19...De8 und einer Bewertung von 0.84 ahnungslos. Rems M-091224 Random Op. MPV=4 bewertet diesen Zug mit -/+ (-1.12) (20% +0% =39% -61%) Depth: 44/69} Rh5 $2 {Dafür, dass der Mach III den Gewinnzug 19...Txd3!! nicht findet, muss er sich nicht schämen.} (19... Rxd3 $3 20. cxd3 Nxd3 {Mit einer vierfachen Drohung: ...Lb4 mit Damengewinn / Sxf2 nebst ...Sxd2 / ...Sxb2 / ..Sxe1. Die Engine sieht keine Rettung mehr für Weiss und bewertet wie folgt: -+ (-4.64) (0% +0% =0% -100%) Depth: 41/65}) ({Tasc R40, The King 2.50:} 19... Rd4 $19 {Das ist zwar noch gut -+ 2.26, aber in den nächsten Zügen ist die Luft raus.} 20. Ndc4 {erzwungen} Rd7 $2 {-/+ 1.65} (20... Rxc4 $1 {-+ 2.32}) 21. Rb1 $2 $19 {- 2.99} (21. Rf1 $1 {- 1.73}) 21... Rdd8 $2 {-/+ 0.91} (21... Qh5 $1 $19) 22. Ra1 $2 (22. Qd2 $1) 22... Rhe8 $2 $15 (22... Qh5 $1 $19) 23. Rad1 $2 $19 {-+ 3.07} (23. Rf1 $1 $15 {=+ 0.63})) (19... Qe8) {[#]} 20. Ndc4 $2 $19 {[%mdl 32768] ***VERLIERT*** erneut, weil nun der schwarze Angriff tödlich ist. Widerstand war nur mit 20.Sf3 möglich.} Rg5 $1 $19 {Der erste Angriffszug sitzt. Engine-Bewertung: -+ (-5.40) (0%) Depth: 37/69} 21. Rg1 Qh5 $1 $19 {Auch dieser Angriffszug ist korrekt.} 22. Kh2 Bc8 $2 {Aber jetzt, wo der Gewinn durch 22...Lxh3! schon fast auf der Hand liegt, zieht sich der Läufer passiv zurück.} (22... Bxh3 $1 {Dieses Opfer darf nicht angenommen werden.} 23. gxh3 $2 Qf3 $19 {und Matt in 5 Zügen}) 23. Qd2 Rg6 $15 {Nach 23...Lc5 wäre Schwarz noch immer klar besser gestanden.} {[#]} 24. Qa5 $2 $19 {[%mdl 32768] Stürzt wieder in den ***VERLUST*** Nach 24.Tde1 oder 24.Tb1, um das Feld d1 für die Dame freizumachen, stünde Schwarz nur noch leicht besser.} Ne2 $6 {Noch wesentlich stärker waren die Gewinnzüge 24...Lxh3! oder 24...Dg5, obwohl Weiss auch nach dem Textzug die Stellung noch halten kann.} 25. Rge1 b6 $2 {Verpatzt den Sieg.} (25... Nf4 $1 {gewinnt noch immer, denn das nachfolgende Opfer Lc8xh3 lässt sich nicht verhindern.}) 26. Nxb6 $1 {Weiss packt seine Chance für den Ausgleich. Allerdings konnte ich nicht glauben, dass sich der Scorpio 68000 sel. 4 dessen bewusst war. Aber höchst erstaunlich: Weiss sieht sich 00.56 im Vorteil und rechnet die korrekten Züge wie in der Variante von 28...c5 angegeben.} cxb6 27. Qxb6+ Bb7 28. Ba3 $1 {Scorpio 68000 sel. 4: +00.16 / Engine: -0.21 (c5)} {[#]} Bxa3 $2 {[%mdl 2] Das ***VERLIERT*** für Schwarz; welches Drama für den Mach III. Allerdings zeigt sich in der Folge, dass beide Programme in dieser für sie taktisch zu komplexen Phase keinen Durchblick haben.} (28... c5 $1 29. Bxc5 Bxc5 30. Qxd8+ Ka7 31. Rd2 Nf4 (31... Nd4 $11 {ist gleichwertig}) 32. Rg1 Qg5 33. b4 $1 {einziger Rettungszug} Bb6 34. Qd7 Bxe3 35. fxe3 Qg3+ 36. Kh1 Qxe3 37. b5 a5 (37... Qxd2 $2 38. b6+ Kxb6 39. Rb1+ Qb4 40. Rxb4+ Ka5 41. c3 Ne6 42. Qxb7 Nd4 43. Qb6#) 38. Rb1 Qb6 39. c4 Ne6 40. c5 Nxc5 $8 41. Qf7 Rg3 42. Rc1 Qd6 43. Rdc2 Qxd3 44. Qc7 Rxh3+ 45. gxh3 Qf3+ {und Dauerschach}) 29. Qxd8+ {+00.56 meint der Scorpio. / Engine: +- 2.75 (Ka7)} Ka7 30. Qa5 $2 {Scorpio: +00.94 (Sf4), aber dieser Damenzug genügt nur für Ausgleich. Die Engine meint: 0.00 (Sf4).} c5 31. c3 $2 $11 {Scorpio: 01.16 (Sf4) Nur mit 31.Dd2 bewahrt sich Weiss Gewinnchancen.} (31. Qd2 $1 {+1.61 gemäss Engine}) 31... Nf4 32. b4 {Scorpio: +01.52 (cxb4) / Engine: 0.00} cxb4 33. cxb4 {Scorpio: 00.00 (Sxg2) und erkennt somit jetzt schon den Ausgleich.} {[#]} Bb2 $2 {[%mdl 2] Das ***VERLIERT*** wieder. Erstaunlich, aber in dieser Phase ist der Scorpio 68000 sel. 4 seinem Gegner taktisch überlegen.} 34. b5 $2 {Scorpio meint 01.48 (Ld4), aber vergibt damit den Sieg.} (34. Qc5+ Kb8 35. Qf8+ Ka7 36. b5 Bd4 37. Rb1 Rxg2+ {Noch am besten, aber natürlich hoffnungslos wie alles andere auch.} 38. Nxg2 Qf3 39. Qxg7 Qxh3+ 40. Kg1 a5 41. Nxf4 exf4 42. Qg2 Qxd3 43. Red1 Qc2 44. Rxd4 Qxb1+ 45. Qf1 $18) {[#]} 34... Bd4 $2 $18 {[%mdl 2] Stolpert erneut in den ***VERLUST*** Remis war mit 34...Txg2! zu haben.} (34... Rxg2+ $1 35. Nxg2 Qf3 36. Nxf4 Qxf2+ 37. Ng2 {erzwungen, ansonsten Weiss mattgesetzt wird} Qg3+ 38. Kh1 Qxh3+ 39. Kg1 Bd4+ 40. Ne3 Bxe3+ 41. Rxe3 Qxe3+ {und Remis durch ein Dauerschach der schwarzen Dame.}) 35. bxa6 {Scorpio auf höheren Suchtiefen spielt 35.Tg1 +00.67 (Txg2) / Engine: +- 4.53 für 35.bxa6.} Bxa6 36. Rb1 {Scorpio: +02.31 (Dh8) / Die Engine würde 36.Tec1 und Matt in 10 spielen.} Qh8 37. Rec1 {Scorpio: +04.72 (f5) Weiss hat Mattangriff und droht vorerst ein Matt in 3 Zügen mit Tc7+.} f5 {Deckt den La6 und damit hält Schwarz am längsten durch.} 38. Rc7+ {Scorpio: +05.35 (Ka8) / Engine: Matt in 9} Ka8 39. Rd7 {Scorpio: +05.89 (Tc6); nun lässt sich das tödliche Turmschach auf d8 nicht verhindern.} Rc6 {Alles andere ist noch ungünstiger.} 40. Rd8+ {Scorpio: 06.09 (Dxd8)} Qxd8 41. Qxd8+ {Scorpio: +06.47 (Lc8)} Rc8 42. Qa5 {Scorpio: +07.34 (Tc6)} Rc6 43. Nc4 {Weiss kann schon fast beliebig gewinnen.} g5 44. Nxe5 Bxe5 45. Qxe5 Rc8 46. Qa5 {Nun wird Schwarz in 4 Zügen Matt.} Rc6 {***AUFGEGEBEN***} 1-0

[Event "Match 81__120'/40"]
[Site "Zürich"]
[Date "2025.??.??"]
[Round "34"]
[White "Fidelity Excel Mach III"]
[Black "Scorpio 68000 sel. 4"]
[Result "1-0"]
[Annotator "Utzinger,K"]
[WhiteElo "2020"]
[BlackElo "2043"]
[PlyCount "195"]
[EventDate "2025.??.??"]

{[%evp 0,195,19,31,28,5,12,8,4,4,16,-9,0,-8,22,13,9,-1,-4,-9,7,-11,-3,-25,-21,-12,-12,2,3,0,13,20,25,34,34,29,34,6,40,31,47,14,46,58,47,1,2,1,57,32,52,47,49,49,51,45,72,86,93,106,98,88,87,81,86,60,62,67,104,46,66,66,104,58,58,58,76,54,105,100,138,132,98,80,136,76,166,163,154,155,155,153,186,154,165,181,192,184,185,194,181,182,185,186,192,189,206,186,191,199,205,178,222,231,240,236,236,226,226,220,208,232,234,242,266,264,273,245,259,262,282,261,264,261,270,268,297,319,339,344,354,365,390,388,385,404,432,406,462,447,454,188,192,197,193,193,193,189,198,186,199,186,190,199,199,199,200,177,210,202,212,212,212,199,194,197,687,687,687,697,697,697,697,697,697,697,29989,29990,29991,29992,29993,29994,29995,29996,29997,29998,29999,29999]} 1. d4 Nf6 {Match 120'/40 | Bediener: Rolf Bühler | Kommentator: Kurt Utzinger | 34. Partie: Weiss (Mach III) gewinnt | Zwischenstand: 19½-14½ (57,4%) für Mach III | Stand hypothetisch: 19-15 (55,8%) für Mach III | Eröffnung: Damenbauer, Colle System | Buchzüge: 6 von Scorpio, 6 von Mach III | Partieverlauf: Der Anziehende (Mach III) kann keinen Eröffnungsvorteil erzielen. Frühzeitig werden die Damen getauscht. Und nach 27 Zügen steht bei symmetrischer Bauernstellung mit je 6 Bauern, je 3 am Damenflügel und je 3 am Königsflügel, ein ausgeglichenes Endspiel auf dem Brett. Dabei besitzt Weiss das Läuferpaar gegen Läufer und Springer. Und nachdem der Scorpio 68000 sel. 4 seine Bauernstellung schwächt und so die Stellung massgeblich schwächt, kann der Mach III den Vorteil des Läuferpaars demonstrieren. Erwartungsgemäss gelingt das nicht ganz exemplarisch und ohne weitere Fehler des Gegners. Am Ende entsteht die seltene Konstellation von K+L+L (Weiss) gegen K+S (Schwarz), das eine langwierige Sache werden kann, bis man den Springer erobern und mit 2 Läufern gegen den nackten König mattsetzen kann. Statt gegen die beste Verteidigung im 144. Zug Matt zu geben, schafft es der Mach III mit gegnerischer Hilfe, bereits im 98. Zug mattzusetzen. Trotzdem ein hart erkämpfter Sieg. Dabei muss es offenbleiben, ob das amerikanische Programm von Kathe & Dan Spracklen den Gewinn gegen die beste Verteidigung hätte einfahren können. Mir fehlt die Zeit und Lust, das zu testen.} 2. e3 d5 3. Bd3 g6 4. Nf3 Bg7 5. Nbd2 O-O 6. O-O {***ENDE BUCH*** Stockfish 17.1 Bewertung: = (-0.15) (49%) Depth: 43/56} Nbd7 {***ENDE BUCH*** Stockfish 17.1 Bewertung: = (0.00) (50%) Depth: 45/25} 7. b3 b6 8. e4 {Eher würde man 8.c4 oder 8.Lb2 erwarten, was beides besser zum weissen Aufbau passt.} dxe4 9. Nxe4 Bb7 10. Nxf6+ Nxf6 $11 {Schwarz darf mit seiner Stellung zufrieden sein, hat doch sein Gegner nichts aus der Eröffnung herausgeholt.} 11. Ba3 {Auch ein typischer Computerzug, gehört doch der Läufer eher nach b2 in diesem Stellungstyp.} c5 $1 $15 {Die beste Antwort, wonach Schwarz schon leicht besser steht.} 12. Re1 Bxf3 {Ist es nicht etwas schade um diesen starken Läufer? Der Textzug führt zu einer grösseren Tauschaktion von Figuren.} 13. Qxf3 Qxd4 14. Rad1 {droht lästig Lxg6} Qh4 15. g3 Qg4 16. Qxg4 Nxg4 17. Rxe7 Bf6 18. Rb7 Rfd8 19. Re1 Rdb8 20. Rc7 Rc8 21. Rxc8+ Rxc8 22. h3 Ne5 23. Be4 Kg7 24. Rd1 Rd8 25. Rxd8 Bxd8 26. Bb2 Bf6 27. Kg2 $14 {[#] Angesichts der symmetrischen Bauernverteilung und somit der Unmöglichkeit, Freibauern zu bilden, spielt der Vorteil des weissen Läuferpaars keine grosse Rolle. So steht Weiss nur leicht besser. Allerdings befindet sich der Verteidiger in keiner beneidenswerten Rolle, so dass solche Stellungen auch auf GM-Stufe gerne ausgespielt werden. Dass Weiss verliert, ist praktisch ausgeschlossen und es stellt sich einzig die Frage, ob solche Partien mit 1-0 oder ½-½ enden.} b5 $2 $16 {Diese Lockerung der soliden schwarzen Bauernstruktur ist fragwürdig und hätte vermieden werden sollen. Eine stellungsgerechte Fortsetzung könnte zum Beispiel wie folgt aussehen:} (27... h5 28. Bc1 Nd7 29. Bd2 Be7 30. Bc6 Ne5 31. Bc3 Bf6 32. Bd5 Nd7 33. Be1 Kf8 $11) 28. Bc1 {[#]} g5 $2 {[%mdl 2] ***VERLIERT*** Bewertung: +- (2.69) (100% +100% =0% -0%) Depth: 45/89 Schwarz agiert im selben Stil weiter. Und diese erneute Schwächung der Bauernstellung vermag Schwarz angesichts der stark steigenden Kraft des weissen Läuferpaars schon nicht mehr zu verkraften.} 29. Be3 Be7 30. f4 gxf4 31. Bxf4 Bd6 32. c3 {Stärker waren:} (32. g4 {+- 2.42}) (32. Kf2 {+- 1.87}) 32... a5 33. Kf2 {Zentralisierung des Königs ist (fast) immer eine gute Strategie im Endspiel.} c4 34. Ke3 $2 $11 {Vergibt den Sieg.} (34. bxc4 Nxc4 35. Bxd6 Nxd6 36. Ke3 f5 (36... Nxe4 37. Kxe4 {und Weiss gewinnt das Bauernendspiel.}) 37. Bc2 Kf6 38. Kd4 Ke6 39. Bb3+ Kf6 40. Bd5 Nc8 (40... Ne8 41. Bc6 Nd6 42. g4 Kg5 (42... fxg4 43. Kc5 Ke6 44. hxg4 $18) (42... f4 43. Kd5 Ke7 44. Ke5 $18) 43. gxf5 Kxf5 44. Kc5 Ke5 45. Bf3 (45. Bxb5 $2 Ne4+ 46. Kc4 Nd6+ $11) 45... Ke6 46. Bd5+ Kd7 47. Bc6+ Kc7 48. Bxb5 Ne4+ 49. Kd4 Ng5 50. Bf1 Kd6 51. Kc4 h6 52. Bg2 $18) (40... a4 41. Bc6 Kg5 42. Ke5 Nc4+ 43. Kd5 Ne3+ 44. Kd4 Nf1 45. Bxb5 Nxg3 46. Bxa4 Kf6 (46... f4 47. Bc6 $18) 47. Bd1 Ke7 48. a4 Kd6 49. a5 Kc6 50. Ke5 Kb5 51. Bf3 Kxa5 52. Kf4 Nf1 53. Kxf5 $18) 41. Bc6 Nd6 42. g4 Kg5 43. gxf5 Kxf5 44. Kc5 Ke5 45. Bf3 Ke6 46. Bd5+ Kd7 47. Bc6+ Kc7 48. Bxb5 Ne4+ 49. Kd4 $18) 34... Bc5+ 35. Ke2 $11 {[#]} Bd6 $2 $18 {[%mdl 2] Schwarz findet die genügende Verteidigung mit 25...cxb3 nicht.} (35... cxb3 $1 36. axb3 Bd6 37. Bc2 h5 38. Bd1 Kg6 39. Ke3 f5 40. h4 Bc5+ 41. Kd2 Nd7 42. Be2 b4 43. c4 Bb6 44. Be3 Nc5 45. Kc2 Ba7 46. Bf3 Bb6 $11 {Weiss kann keine Fortschritte machen.}) 36. Be3 $2 $11 {Aber auch Weiss ist nicht auf der Höhe und verpasst den Sieg mit 36.bxc4.} cxb3 $1 37. axb3 h5 38. Bc2 Kf6 39. Bb6 Nd7 $6 {Damit bringt sich Schwarz wieder in Gefahr.} (39... Nc6 {hält die Stellung im Gleichgewicht.} 40. Be4 Ne7 41. Bxa5 Bxg3 $11) 40. Bd8+ Kg7 41. Kf3 Ne5+ 42. Kg2 {[#]} Ba3 $2 $18 {[%mdl 2] Stolpert wieder in den Verlust.} (42... Nc6 $1 $15) 43. Bxa5 Bb2 44. Be4 Kf6 45. Bd5 Kg5 46. Kf2 h4 {Auch passives Verhalten rettet Schwarz nicht mehr.} 47. Bd8+ Kh6 48. Bxh4 Bxc3 49. g4 Bd4+ 50. Kf1 Kg6 51. Be4+ Kg7 52. Bf2 Bc3 {Auch der Läufertausch kann am weissen Sieg nichts ändern.} 53. Be3 Kf6 54. Kf2 Ke7 55. Bg5+ Ke6 56. Bf5+ Kd5 57. h4 {Freibauern haben einen Drang nach vorne.} Kc5 58. Kg3 Kb4 59. Bc2 Be1+ 60. Kh3 Kc3 61. Bd1 Kd3 62. h5 {Das Umwandlungsfeld h8 naht.} Bd2 63. Bf6 Nd7 64. Be7 f6 65. Bf3 Ne5 66. Bg2 Bg5 67. Bf1+ Kc3 68. Bxb5 Kxb3 69. Be8 $1 {Nimmt dem Springer die wichtigen Felder g6 und f7.} Kc4 70. Bf8 $1 {Nun kostet der weitere Vormarsch des h-Bauern den schwarzen Läufer.} Kd5 71. h6 Bxh6 72. Bxh6 Ke6 73. Ba4 f5 74. Bb3+ Kf6 75. gxf5 Kxf5 {Alle Bauern sind verschwunden. Aber dieses Endspiel K+2L vs K+S ist verloren, denn kommt in Zugzwang und wird auch seinen Springer noch verlieren. Danach muss der Mach III nur noch beweisen, dass er mit 2 Läufern gegen den nackten König mattsetzen kann. Bei exakter Verteidigung wären dazu noch 67 Züge notwendig. Ich zweifle, ob der Mach III gegen die beste Verteidigung reüssiert hätte.} 76. Bc2+ {In der Folge wird jeweils in Klammer angegeben, wieviele Züge es bis zum Matt noch braucht.} Ke6 {(67)} (76... Kf6 77. Kg3 Nc4 78. Bb1 Ke6 79. Kf4 Kd5 80. Bg7 Nd6 81. Ba2+ Nc4 82. Bc3 Kc5 83. Be1 Kd4 84. Bf2+ Kc3 85. Bb1 Nd6 86. Ke5 Nc4+ 87. Kd5 Nb2 88. Bg6 Nc4 89. Bd4+ Kb3 90. Ke4 Nb2 91. Ke3 Nc4+ 92. Ke2 Nb2 93. Bf7+ Kc2 94. Be5 Na4 95. Bg6+ Kb3 96. Kd2 Kc4 97. Bf7+ Kc5 98. Bg3 Nb6 99. Bf2+ Kc6 100. Be8+ Kc7 101. Kd3 Nd7 102. Bg3+ Kd8 103. Bf7 Ke7 104. Bc4 Kf6 105. Ke4 Nc5+ 106. Kd5 Ne6 107. Be5+ Ke7 108. Bb3 Kd7 109. Bg3 Nc7+ 110. Kd4 Ne6+ 111. Ke5 Nd8 112. Kd5 Ne6 113. Ba4+ Ke7 114. Ke5 Nc7 115. Bh4+ Kf7 116. Kf5 Kf8 117. Bb3 Ke8 118. Ke5 Kd7 119. Ba4+ Kc8 120. Kd6 Kb7 121. Bc6+ Kc8 122. Bg2 Na6 123. Be1 Nb8 124. Ba5 Na6 125. Kc6 Nb8+ 126. Kb6 Kd7 127. Kb7 Nc6 128. Bxc6+ Kd6 129. Bb6 Ke6 130. Bd4 Kd6 131. Be4 Kd7 132. Bd5 Kd6 133. Bc4 Ke7 134. Kc7 Ke8 135. Kd6 Kf8 136. Ke6 Ke8 137. Bb6 Kf8 138. Kf6 Ke8 139. Bb5+ Kf8 140. Ba4 Kg8 141. Kg6 Kf8 142. Bc5+ Kg8 143. Bb3+ Kh8 144. Bd4#) 77. Kg3 Nc6 {(65)} 78. Kf4 Nd4 {(64)} 79. Bd3 Kd5 {(63)} 80. Be4+ Ke6 {(61)} 81. Bg7 Nb3 {(58)} 82. Bf3 Nc5 $2 {(46)} 83. Bd4 Nd3+ $2 {(38)} 84. Ke4 Nb4 {(37)} 85. Bc5 Nc6 {(37)} 86. Bg4+ Kf6 {(36)} 87. Be2 {(42)} Ne5 $2 {(13)} 88. Bd4 Ke6 {(12)} 89. Bxe5 Kd7 {(11)} 90. Bb5+ {(13)} Ke6 {(12)} 91. Ba4 Ke7 {(11)} 92. Kf5 Kf7 {(6)} 93. Bf6 Kf8 {(5)} 94. Kg6 Kg8 {(3)} 95. Bd4 Kf8 {(3)} 96. Bc5+ Kg8 {(2)} 97. Bb3+ Kh8 {(1)} 98. Bd4# 1-0